Sports teams located in Texas - Statistics

General Stats
  • This quiz has been taken 202 times
  • The average score is 8 of 8
Answer Stats
League Answer % Correct
NFL Cowboys
99%
NFL Texans
99%
NBA Spurs
98%
NBA Mavericks
97%
NBA Rockets
97%
MLB Rangers
96%
MLB Astros
95%
NHL Stars
93%
No matching quizzes found
Score Distribution
Percent of People with Each Score
Percentile by Number Answered
Your Score History
You have not taken this quiz